000 00358nam a2200145Ia 4500
008 230917s9999||||xx |||||||||||||| ||und||
040 _e47776
_aMAIN
041 _aEnglish
082 _a853.9 M797F
100 _aMoravia, Alberto
245 0 _aFetish: A volume of stories
260 _aLondon
_bSacker and Warburg
_c1964
300 _a283 p.
942 _cBK
999 _c188203
_d188203